000 00585nam a2200217Ia 4500
003 OSt
005 20220928133400.0
006 a|||||r|||| 00| 0
007 ta
008 220927b |||||||| |||| 00| 0 eng d
024 _a26900
037 _cTextual
040 _aSDCL
_cSDCL
_beng
041 _2eng
_aeng
082 _aV2y7M69x, J8
100 _aWadia A R
_9485462
245 0 _aPhilosophy of Mahatma Gandhi and others essays.
260 _aMysore
_bUniversity of Mysore
_c1958
942 _hV2y7M69x, J8
_cTEXL
_2CC
999 _c799448
_d799448